| 000 | 00887cam a2200253 i 4500 | ||
|---|---|---|---|
| 001 | 32498 | ||
| 003 | AR-RoBPED | ||
| 005 | 20260401141601.0 | ||
| 008 | 210325s2021 sp |||| | u0|| 1|spa d | ||
| 020 | _a9788418057618 | ||
| 040 |
_aB-UPV _dAR-RoBPED |
||
| 041 | _aspa | ||
| 100 | 2 |
_aMirez, Alex _d1994- _928790 |
|
| 245 | 1 | 0 |
_aPerfectos mentirosos : _pmentiras y secretos / _cAlex Mírez. _nLibro 1, |
| 260 |
_aBuenos Aires : _bMontena, _c2022. |
||
| 300 |
_a380 p. ; _c22 cm. |
||
| 490 | 0 | _a(Whattpad) | |
| 520 | _aEn Tangus, una de las universidades más elitistas del mundo, todo gira en torno a un trío irresistible: los hermanos Cash (Penguin libros). | ||
| 650 | 7 |
_aLITERATURA VENEZOLANA _97721 |
|
| 650 | 7 |
_aLITERATURA JUVENIL _9292 |
|
| 650 | 7 |
_aNOVELAS _925 |
|
| 942 |
_2udc _ak. 32498 _cBK _h860(87)-31 p _mM 63 _nInv. 41091 |
||
| 945 | _amev 01/04/2026 | ||
| 999 |
_c32498 _d32498 |
||